<?xml version="1.0" encoding="UTF-8"?>
<record
    xmlns:xsi="http://www.w3.org/2001/XMLSchema-instance"
    xsi:schemaLocation="http://www.loc.gov/MARC21/slim http://www.loc.gov/standards/marcxml/schema/MARC21slim.xsd"
    xmlns="http://www.loc.gov/MARC21/slim">

  <leader>00554nam a22002297a 4500</leader>
  <controlfield tag="003">UA-OsUOA</controlfield>
  <controlfield tag="001"> 28571 </controlfield>
  <controlfield tag="007">ta</controlfield>
  <controlfield tag="008">20050411b un ||||| |||| 00| 0 ukr d</controlfield>
  <datafield tag="090" ind1=" " ind2=" ">
    <subfield code="a">378</subfield>
    <subfield code="b">&#x41D;34</subfield>
  </datafield>
  <datafield tag="942" ind1=" " ind2=" ">
    <subfield code="c">BK</subfield>
  </datafield>
  <datafield tag="040" ind1=" " ind2=" ">
    <subfield code="a">UA-OsUOA</subfield>
    <subfield code="b">ukr</subfield>
    <subfield code="c">UA-OsUOA</subfield>
    <subfield code="d">UA-OsUOA</subfield>
  </datafield>
  <datafield tag="245" ind1=" " ind2=" ">
    <subfield code="a">&#x41E;&#x441;&#x432;&#x456;&#x442;&#x430; &#x456; &#x43D;&#x430;&#x443;&#x43A;&#x430;: &#x442;&#x432;&#x43E;&#x440;&#x447;&#x438;&#x439; &#x43F;&#x43E;&#x442;&#x435;&#x43D;&#x446;&#x456;&#x430;&#x43B; &#x434;&#x435;&#x440;&#x436;&#x430;&#x432;&#x43E;- &#x456; &#x43A;&#x443;&#x43B;&#x44C;&#x442;&#x443;&#x440;&#x43E;&#x442;&#x432;&#x43E;&#x440;&#x435;&#x43D;&#x43D;&#x44F;</subfield>
  </datafield>
  <datafield tag="300" ind1=" " ind2=" ">
    <subfield code="a">672 &#x441;.</subfield>
  </datafield>
  <datafield tag="955" ind1=" " ind2=" ">
    <subfield code="a">0</subfield>
  </datafield>
  <datafield tag="041" ind1=" " ind2=" ">
    <subfield code="a">ukr</subfield>
  </datafield>
  <datafield tag="080" ind1=" " ind2=" ">
    <subfield code="a">378</subfield>
  </datafield>
  <datafield tag="260" ind1=" " ind2=" ">
    <subfield code="c">2004</subfield>
  </datafield>
  <datafield tag="044" ind1=" " ind2=" ">
    <subfield code="a">UA</subfield>
  </datafield>
  <datafield tag="650" ind1=" " ind2="7">
    <subfield code="2">UDC</subfield>
  </datafield>
  <datafield tag="999" ind1=" " ind2=" ">
    <subfield code="c">314940</subfield>
    <subfield code="d">314940</subfield>
  </datafield>
  <datafield tag="952" ind1=" " ind2=" ">
    <subfield code="0">0</subfield>
    <subfield code="1">0</subfield>
    <subfield code="2">udc</subfield>
    <subfield code="4">0</subfield>
    <subfield code="7">0</subfield>
    <subfield code="a">102</subfield>
    <subfield code="b">102</subfield>
    <subfield code="d">2005-04-11</subfield>
    <subfield code="i">84601</subfield>
    <subfield code="l">0</subfield>
    <subfield code="o">378 &#x41D;34</subfield>
    <subfield code="p">84601</subfield>
    <subfield code="r">2022-02-07 00:00:00</subfield>
    <subfield code="w">2005-04-11</subfield>
    <subfield code="y">BK</subfield>
  </datafield>
  <datafield tag="952" ind1=" " ind2=" ">
    <subfield code="0">0</subfield>
    <subfield code="1">0</subfield>
    <subfield code="2">udc</subfield>
    <subfield code="4">0</subfield>
    <subfield code="7">0</subfield>
    <subfield code="a">101</subfield>
    <subfield code="b">101</subfield>
    <subfield code="d">2005-04-11</subfield>
    <subfield code="i">84631</subfield>
    <subfield code="l">0</subfield>
    <subfield code="o">378 &#x41D;34</subfield>
    <subfield code="p">84631</subfield>
    <subfield code="r">2021-12-21 00:00:00</subfield>
    <subfield code="w">2005-04-11</subfield>
    <subfield code="y">BK</subfield>
  </datafield>
  <datafield tag="952" ind1=" " ind2=" ">
    <subfield code="0">0</subfield>
    <subfield code="1">0</subfield>
    <subfield code="2">udc</subfield>
    <subfield code="4">0</subfield>
    <subfield code="7">0</subfield>
    <subfield code="a">101</subfield>
    <subfield code="b">101</subfield>
    <subfield code="d">2005-04-11</subfield>
    <subfield code="i">84632</subfield>
    <subfield code="l">0</subfield>
    <subfield code="o">378 &#x41D;34</subfield>
    <subfield code="p">84632</subfield>
    <subfield code="r">2021-12-21 00:00:00</subfield>
    <subfield code="w">2005-04-11</subfield>
    <subfield code="y">BK</subfield>
  </datafield>
  <datafield tag="952" ind1=" " ind2=" ">
    <subfield code="0">0</subfield>
    <subfield code="1">0</subfield>
    <subfield code="2">udc</subfield>
    <subfield code="4">0</subfield>
    <subfield code="7">0</subfield>
    <subfield code="a">101</subfield>
    <subfield code="b">101</subfield>
    <subfield code="d">2005-04-11</subfield>
    <subfield code="i">84633</subfield>
    <subfield code="l">0</subfield>
    <subfield code="o">378 &#x41D;34</subfield>
    <subfield code="p">84633</subfield>
    <subfield code="r">2021-12-21 00:00:00</subfield>
    <subfield code="w">2005-04-11</subfield>
    <subfield code="y">BK</subfield>
  </datafield>
  <datafield tag="952" ind1=" " ind2=" ">
    <subfield code="0">0</subfield>
    <subfield code="1">0</subfield>
    <subfield code="2">udc</subfield>
    <subfield code="4">0</subfield>
    <subfield code="7">0</subfield>
    <subfield code="a">101</subfield>
    <subfield code="b">101</subfield>
    <subfield code="d">2005-04-11</subfield>
    <subfield code="i">84634</subfield>
    <subfield code="l">0</subfield>
    <subfield code="o">378 &#x41D;34</subfield>
    <subfield code="p">84634</subfield>
    <subfield code="r">2021-12-21 00:00:00</subfield>
    <subfield code="w">2005-04-11</subfield>
    <subfield code="y">BK</subfield>
  </datafield>
  <datafield tag="952" ind1=" " ind2=" ">
    <subfield code="0">0</subfield>
    <subfield code="1">0</subfield>
    <subfield code="2">udc</subfield>
    <subfield code="4">0</subfield>
    <subfield code="7">0</subfield>
    <subfield code="a">101</subfield>
    <subfield code="b">101</subfield>
    <subfield code="d">2005-04-11</subfield>
    <subfield code="i">84635</subfield>
    <subfield code="l">0</subfield>
    <subfield code="o">378 &#x41D;34</subfield>
    <subfield code="p">84635</subfield>
    <subfield code="r">2021-12-21 00:00:00</subfield>
    <subfield code="w">2005-04-11</subfield>
    <subfield code="y">BK</subfield>
  </datafield>
  <datafield tag="952" ind1=" " ind2=" ">
    <subfield code="0">0</subfield>
    <subfield code="1">0</subfield>
    <subfield code="2">udc</subfield>
    <subfield code="4">0</subfield>
    <subfield code="7">0</subfield>
    <subfield code="a">102</subfield>
    <subfield code="b">102</subfield>
    <subfield code="d">2005-05-17</subfield>
    <subfield code="i">85147</subfield>
    <subfield code="l">0</subfield>
    <subfield code="o">378 &#x41D;34</subfield>
    <subfield code="p">85147</subfield>
    <subfield code="r">2022-02-07 00:00:00</subfield>
    <subfield code="w">2005-04-11</subfield>
    <subfield code="y">BK</subfield>
  </datafield>
  <datafield tag="952" ind1=" " ind2=" ">
    <subfield code="0">0</subfield>
    <subfield code="1">0</subfield>
    <subfield code="2">udc</subfield>
    <subfield code="4">0</subfield>
    <subfield code="7">0</subfield>
    <subfield code="a">101</subfield>
    <subfield code="b">101</subfield>
    <subfield code="d">2005-05-16</subfield>
    <subfield code="i">85198</subfield>
    <subfield code="l">0</subfield>
    <subfield code="o">378 &#x41D;34</subfield>
    <subfield code="p">85198</subfield>
    <subfield code="r">2021-12-21 00:00:00</subfield>
    <subfield code="w">2005-04-11</subfield>
    <subfield code="y">BK</subfield>
  </datafield>
</record>
